The influence of clients on valuations. (Record no. 61009)
[ view plain ]
| 000 -LEADER | |
|---|---|
| fixed length control field | 00944cam a2200217 4500 |
| 001 - CONTROL NUMBER | |
| control field | ABS61284 |
| 008 - FIXED-LENGTH DATA ELEMENTS--GENERAL INFORMATION | |
| fixed length control field | 000000n1999 000 0 eng u |
| 035 ## - SYSTEM CONTROL NUMBER | |
| System control number | (Sirsi) u101911 |
| 100 ## - MAIN ENTRY--PERSONAL NAME | |
| Personal name | Levy, D. |
| 245 #4 - TITLE STATEMENT | |
| Title | The influence of clients on valuations. |
| 260 ## - PUBLICATION, DISTRIBUTION, ETC. | |
| Date of publication, distribution, etc. | 1999 |
| 490 ## - SERIES STATEMENT | |
| Series statement | Journal of Property Investment and Finance |
| Volume/sequential designation | 17(4) 1999, 380-400(11) |
| 520 ## - SUMMARY, ETC. | |
| Summary, etc. | Reports on a study consisting of a series of interviews with senior New Zealand Registered Valuers about the factors which affect the reported values to clients other than valuation methodology. The primary factors are: the type of client, the characteristics of valuers and valuation firms, the purpose of a valuation and the ease of access to information of the clients and valuers. |
| 650 ## - SUBJECT ADDED ENTRY--TOPICAL TERM | |
| Topical term or geographic name entry element | BIAS |
| 650 ## - SUBJECT ADDED ENTRY--TOPICAL TERM | |
| Topical term or geographic name entry element | CLIENTS |
| 650 ## - SUBJECT ADDED ENTRY--TOPICAL TERM | |
| Topical term or geographic name entry element | INFORMATION ACCESS |
| 650 ## - SUBJECT ADDED ENTRY--TOPICAL TERM | |
| Topical term or geographic name entry element | ACADEMIC RESEARCH |
| 690 ## - LOCAL SUBJECT ADDED ENTRY--TOPICAL TERM (OCLC, RLIN) | |
| Topical term or geographic name as entry element | RATING AND VALUATION |
| 700 ## - ADDED ENTRY--PERSONAL NAME | |
| Personal name | Schuck, E. |
| 942 ## - ADDED ENTRY ELEMENTS (KOHA) | |
| Suppress in OPAC | 0 |
| Withdrawn status | Lost status | Source of classification or shelving scheme | Damaged status | Not for loan | Home library | Current library | Shelving location | Date acquired | Total Checkouts | Full call number | Barcode | Date last seen | Copy number | Price effective from | Koha item type |
|---|---|---|---|---|---|---|---|---|---|---|---|---|---|---|---|
| Dewey Decimal Classification | London | London | Journal article | 12/11/1999 | ABS61284 | 101911-1001 | 06/08/2019 | 1 | 06/08/2019 | Journal article |